Mensajes de Juan Pablo II en América Latina
Gardado en:
| Formato: | Libro |
|---|---|
| Idioma: | Lingua castelá |
| Publicado: |
Santiago
Paulinas
1979
|
| Subjects: | |
| Tags: |
Engadir etiqueta
Sen Etiquetas, Sexa o primeiro en etiquetar este rexistro!
|
MARC
| LEADER | 00000cam a2200000 a 4500 | ||
|---|---|---|---|
| 001 | UCY6994 | ||
| 003 | CL-VaPUC | ||
| 008 | 950602e19790400CL |||||||||||||||||spa|d | ||
| 082 | 0 | 4 | |a 248.8 |b MEN |2 21 |
| 245 | 1 | 0 | |a Mensajes de Juan Pablo II en América Latina |
| 300 | |a 174 p | ||
| 942 | |c BK | ||
| 945 | |d 19950602 00:00:00 |a cmena | ||
| 260 | |a Santiago |b Paulinas |c 1979 | ||
| 600 | 0 | 7 | |a JUAN PABLO II, PAPA |2 CL-VaPUC |9 257113 |
| 650 | 7 | |a MENSAJES |2 CL-VaPUC |9 335531 | |
| 650 | 0 | |a Comunicación |9 257251 | |
| 650 | 0 | |a Iglesia Católica |9 256114 | |
| 650 | 0 | |a Religión |9 255164 | |
| 650 | 0 | |a Familias |9 255641 | |
| 650 | 7 | |a GRUPOS ETNICOS |2 CL-VaPUC |9 324200 | |
| 650 | 0 | |a Derechos humanos |9 223025 | |
| 650 | 0 | |a Creencia |9 334586 | |
| 650 | 0 | |a Justicia social |9 314874 | |
| 650 | 0 | |a Bienestar social |9 255298 | |
| 651 | 0 | |a América Latina |9 255027 | |
| 651 | 0 | |a México |9 255269 | |
| 583 | |a last modification |c 20160726 01:31:36 |k Rodrigo Vera | ||
| 999 | |c 234471 |d 234469 | ||
| 952 | |0 0 |1 0 |4 0 |6 248_800000000000000_MEN_1979 |7 0 |8 A |9 240836 |a BIBTEO |b BIBTEO |d 2019-11-18 |i 3909786 |o 248.8 MEN 1979 |p 3909786 |r 2025-01-17 |w 2019-11-18 |y BK |k ICR | ||
| 952 | |0 0 |1 0 |4 0 |6 248_800000000000000_MEN_1979 |7 0 |8 A |9 240837 |a BIBTEO |b BIBTEO |d 2019-11-18 |i 3909816 |o 248.8 MEN 1979 |p 3909816 |r 2025-01-17 |w 2019-11-18 |y BK |k ICR | ||
| 952 | |0 0 |1 0 |3 erb |4 0 |6 248_800000000000000_MEN_1979 |7 0 |8 A |9 240838 |a BIBTEO |b BIBTEO |e Villagrán Garnham, Jorge |i 5317495 |o 248.8 MEN 1979 |p 5317495 |r 2025-01-17 |w 2019-11-18 |y BK |z Catalogado en:20160731 |k ICR | ||